Music in the Southwest, 1825-1950 /

Bibliographic Details
Main Author: Swan, Howard, 1906-1995
Format: Book
Language:English
Published: San Marino, Calif. : Huntington Library, 1952.
Series:Huntington Library publications.
Subjects:

MARC

Tag First Indicator Second Indicator Subfields
LEADER 00000cam a22000001i 4500
001 in00000029338
005 20190815094737.0
008 720823s1952 cauacf b 001 0 eng
010 |a  52014504  
035 |a (OCoLC)ocm00388237 
035 |a (OCoLC)00388237 
035 |9 AAD2204AM 
040 |a DLC  |b eng  |c DLC  |d OUN  |d DRB  |d UBY  |d EAU  |d OCLCO  |d UKMGB  |d OCLCQ  |d OCLCO  |d OCLCQ  |d CNUTO  |d IAD  |d OCLCF  |d WYU  |d TXA 
016 7 |a 003551024  |2 Uk 
019 |a 314750166  |a 978123368 
035 |a (OCoLC)388237  |z (OCoLC)314750166  |z (OCoLC)978123368 
042 |a premarc 
043 |a n-us-ca 
045 |a w2x5 
050 0 0 |a ML200.7.S74  |b S9 
082 0 |a 780.9792 
049 |a TXAM 
100 1 |a Swan, Howard,  |d 1906-1995. 
245 1 0 |a Music in the Southwest, 1825-1950 /  |c by Howard Swan. 
260 |a San Marino, Calif. :  |b Huntington Library,  |c 1952. 
300 |a x, 316 pages :  |b illustrations, portrait, pls. ;  |c 24 cm 
336 |a text  |b txt  |2 rdacontent 
337 |a unmediated  |b n  |2 rdamedia 
338 |a volume  |b nc  |2 rdacarrier 
340 |m 8vo.  |2 rdabf 
490 1 |a Huntington library publications 
504 |a Includes bibliographical references (pages 295-300). 
505 0 |a Preface / Robert Glass Cleland -- Foreword -- Zion's first hymnody -- Song and dance in Deseret -- Mormon vs. gentile : a musical chronicle -- Mormon music : the development of leadership -- Music in the mining camps : Virginia City and Tombstone -- The music of mission, rancho, and pueblo -- Music in the cow counties -- Town in a garden -- Boom and expansion -- The birth of professional music -- The busy "bee" -- The second boom -- Prosperity and Depression -- Southern California at mid-century : a musical enigma. 
580 |a The Cushing Library/Lowman/Book Design copy forms part of the Book Design Section of the Al Lowman Printing Arts Collection and Research Archive. 
500 |a The Cushing Library/Lowman/Book Design copy contains a bookmark. 
586 |a Western Books Exhibit 1953. 
650 0 |a Music  |z California  |x History and criticism. 
650 0 |a Church music  |x Church of Jesus Christ of Latter-Day Saints. 
650 7 |a Music.  |2 fast  |0 (OCoLC)fst01030269 
651 7 |a California.  |2 fast  |0 (OCoLC)fst01204928 
655 7 |a Criticism, interpretation, etc.  |2 fast  |0 (OCoLC)fst01411635 
773 0 |t Al Lowman Printing Arts Collection and Research Archive. 
776 0 8 |i Online version:  |a Swan, Howard, 1906-1995.  |t Music in the Southwest, 1825-1950.  |d San Marino, Calif., Huntington Library, 1952  |w (OCoLC)613100112 
830 0 |a Huntington Library publications. 
948 |a updated  |b h  |c 2019/8/15  |d c  |e ljohnson  |f 9:44:07 am 
994 |a C0  |b TXA 
999 f f |s e20a832d-19fc-3c14-96d9-dbb2574335fb  |i ed9b25d1-c67c-3cde-86b8-58476c1b3ea7  |t 0 
952 f f |p ric  |a Texas A&M University  |b Rellis Campus  |c Joint Library Facility  |d Remote Storage  |t 0  |e ML200.7.S74 S9  |h Library of Congress classification  |i unmediated -- volume  |m A14801169252 
952 f f |p noncirc  |a Texas A&M University  |b College Station  |c Cushing Memorial Library & Archives  |d Cushing: Lowman (Does not check out)  |t 0  |e ML200.7.S74 S9 1952  |h Library of Congress classification  |i unmediated -- volume 
998 f f |a ML200.7.S74 S9  |t 0  |l Remote Storage 
998 f f |a ML200.7.S74 S9 1952  |t 0  |l Cushing: Lowman (Does not check out)